| 000 | 00894cam a2200253 a 4500 | ||
|---|---|---|---|
| 001 | 3504468 | ||
| 005 | 20180313044216.0 | ||
| 008 | 950224s1995 ksua b s001 0 eng | ||
| 010 | _a 95008076 | ||
| 020 | _a0700607242 (alk. paper) | ||
| 020 | _a0700607250 (pbk. : alk. paper) | ||
| 040 |
_aDLC _cDLC _dDLC |
||
| 041 | _aeng | ||
| 043 | _an-us--- | ||
| 080 | _a307.720 | ||
| 082 | 0 | 0 |
_a307.720 CAS _220 |
| 100 | _a20 | ||
| 101 | _aSHP | ||
| 245 | 0 | 4 |
_aThe changing American countryside : _cedited by Emery N. Castle ; foreword by Clifton Wharton, Jr. |
| 504 | _aIncludes bibliographical references (p. 503-539) and index. | ||
| 906 |
_a7 _bcbc _corignew _d1 _eocip _f19 _gy-gencatlg |
||
| 942 |
_2ddc _cBK |
||
| 999 |
_c44811 _d44811 |
||